Normal view
MARC view
- Shaffer, JIM
Entry Personal Name
001 - CONTROL NUMBER
- control field: 114045
003 - CONTROL NUMBER IDENTIFIER
- control field: NUST
005 - DATE AND TIME OF LATEST TRANSACTION
- control field: 20230808153142.0
008 - FIXED-LENGTH DATA ELEMENTS
- fixed length control field: 230808|| aca||aabn | a|a d
040 ## - CATALOGING SOURCE
- Original cataloging agency: NUST
- Transcribing agency: NUST
100 ## - HEADING--PERSONAL NAME
- Personal name: Shaffer, JIM
670 ## - SOURCE DATA FOUND
- Source citation: Work cat.: (NUST): Shaffer, JIM, The Leadership Solution, 2000.
